000 00457nam a2200181Ia 4500
005 20250326141758.0
008 250326s9999 xx 000 0 und d
037 _aTextbook
040 _aFMSL
_beng
_cFMSL
041 _aeng
_2eng
084 _qFMSL
100 _aHeller Robert
245 0 _aAge of the common millionaire
_cHeller Robert
260 _aUSA
_bUSA, Coronet Books
_c1988
300 _a397p
942 _cTB
999 _c1291927
_d1291927